Southeast Asian studies
Zapisane w:
| Format: | Książka |
|---|---|
| Język: | Undetermined |
| Wydane: |
Kyoto, Japan
Center for Southeast asian studies, Kyoto University
2019
|
| Hasła przedmiotowe: | |
| Etykiety: |
Dodaj etykietę
Nie ma etykietki, Dołącz pierwszą etykiete!
|
| Thư viện lưu trữ: | Trung tâm Học liệu Trường Đại học Cần Thơ |
|---|
| LEADER | 00458nam a2200157Ia 4500 | ||
|---|---|---|---|
| 001 | CTU_234191 | ||
| 008 | 210402s9999 xx 000 0 und d | ||
| 082 | |a 959 | ||
| 082 | |b S727 | ||
| 245 | 0 | |a Southeast Asian studies | |
| 245 | 0 | |c Kyoto University | |
| 260 | |a Kyoto, Japan | ||
| 260 | |b Center for Southeast asian studies, Kyoto University | ||
| 260 | |c 2019 | ||
| 650 | |a Southeast Asian Studies | ||
| 980 | |a Trung tâm Học liệu Trường Đại học Cần Thơ | ||